000 00217nam a2200097Ia 4500
005 20251222114345.0
008 251222s1900||||xx |||||||||||||| ||spa||
082 _aDVD0070/C77/2009
245 0 _aCrazy Heart:
942 _cDVD
999 _c1000
_d1000